| 000 | 00516nam a2200205Ia 4500 | ||
|---|---|---|---|
| 008 | 180523s9999 xx 000 0 und d | ||
| 020 | _a81-7648-619-1 | ||
| 050 | _aMAIN HF 5657.4 | ||
| 050 | _b.R43 2004 | ||
| 100 | _aReddy, Jayaprakash R. | ||
| 245 | 0 | _aManagement accounting / | |
| 245 | 0 | _cR. Jayaprakash Reddy. | |
| 260 | _aNew Delhi : | ||
| 260 | _bAPH Publishing, | ||
| 260 | _c2004 | ||
| 300 | _a244 pages : | ||
| 300 | _c22 cm. | ||
| 500 | _aIncludes index. | ||
| 650 | _aManagerial accounting. | ||
| 999 |
_c357198 _d357198 |
||